British Prime Ministers (Slideshow) Quiz Stats

Quiz not verified by Sporcle

Challenge
Share
Tweet
Score 0/53 Timer 12:00
0 Plays Today
% Correct
Tony Blair
99.1%
David Cameron
94%
Gordon Brown
88.8%
Sir Winston Churchill
85.6%
Neville Chamberlain
81.7%
Sir John Major
76.2%
Sir Edward Heath
75.8%
Baroness Margaret Thatcher
74.7%
William Pitt the Younger
72.2%
Harold Wilson
68.4%
Clement Attlee, 1st Earl Attlee
65.5%
James Callaghan
63.9%
Benjamin Disraeli, 1st Earl of Beaconsfield
63.3%
Harold Macmillan
61.2%
David Lloyd George
60.8%
William Ewart Gladstone
60.7%
Arthur Wellesley, 1st Duke of Wellington
58.8%
Sir Alec Douglas-Home
58.4%
Herbert Henry Asquith
56.9%
Sir Anthony Eden
55.9%
Ramsay MacDonald
55.9%
Andrew Bonar Law
51.2%
Stanley Baldwin
50.1%
Sir Robert Walpole
46.8%
Arthur Balfour, 1st Earl of Balfour
43.6%
Robert Gascoyne-Cecil, 3rd Marquess of Salisbury
43%
Sir Henry Campbell-Bannerman
39.4%
% Correct
William Lamb, 2nd Viscount Melbourne
38.6%
Lord Frederick North, 2nd Earl of Guilford
37.9%
William Pitt the Elder, 1st Earl of Chatham
36.3%
Sir Robert Peel, 2nd Baronet
35.9%
Edward Smith-Stanley, 14th Earl of Derby
33.9%
Archibald Primrose, 5th Earl of Rosebery
33.4%
Charles Grey, 2nd Earl Grey
33.3%
Henry John Temple, 3rd Viscount Palmerston
32.5%
Robert Banks Jenkinson, 2nd Earl of Liverpool
31.7%
George Canning
30.1%
Lord John Russell, 1st Earl Russell
29.3%
Spencer Perceval
29.1%
George Hamilton-Gordon, 4th Earl of Aberdeen
28.2%
Frederick John Robinson, 1st Viscount Goderich
25.2%
Henry Pelham
24.6%
Charles Watson-Wentworth, 2nd Marquess of Rockingham
23.7%
William Wyndham Grenville, 1st Baron Grenville
23.3%
John Stuart, 3rd Earl of Bute
23.1%
Thomas Pelham-Holles, 1st Duke of Newcastle
22.2%
William Cavendish-Bentinck, 3rd Duke of Portland
22.1%
Spencer Compton, 1st Earl of Wilmington
22%
George Grenville
21.3%
Augustus Henry FitzRoy, 3rd Duke of Grafton
20.2%
Henry Addington, 1st Viscount Sidmouth
17.9%
William Cavendish, 4th Duke of Devonshire
17%
William Petty FitzMaurice, 2nd Earl of Shelburne
16.8%

You're not logged in!

Compare scores with friends on all Sporcle quizzes.
Sign Up with Email
OR
Log In

You Might Also Like...

Show Comments

Extras

Top Quizzes Today


Score Distribution

Your Account Isn't Verified!

In order to create a playlist on Sporcle, you need to verify the email address you used during registration. Go to your Sporcle Settings to finish the process.